00482nam a2200205Ia 4500008004100000020001800041050001600059100001900075245001500094245002900109245002200138260001500160260001600175260000900191300001600200300002000216300001000236300002200246500000800268170918s9999 xx 000 0 und d a9780531221747 bW636ha 2008 aBrooks, Philip aHannibal : bRome's worst nightmare / cby Philip Brooks. aNew York : bScholastic, c2008 a128 pages : billustrations : c18cm. eA wicked history. a900